Mastering UML with Rational Rose 2002 (E-BOOK) (Record no. 191753)
[ view plain ]
| 000 -LEADER | |
|---|---|
| fixed length control field | 01793 a2200241 4500 |
| 003 - CONTROL NUMBER IDENTIFIER | |
| control field | Nust |
| 005 - DATE AND TIME OF LATEST TRANSACTION | |
| control field | 20170207154023.0 |
| 020 ## - INTERNATIONAL STANDARD BOOK NUMBER | |
| International Standard Book Number | 0-7821-4017-3 (pbk) |
| 040 ## - CATALOGING SOURCE | |
| Transcribing agency | Nust |
| 082 0# - DEWEY DECIMAL CLASSIFICATION NUMBER | |
| Classification number | 005.117 |
| 082 0# - DEWEY DECIMAL CLASSIFICATION NUMBER | |
| Classification number | 005.117 |
| 100 1# - MAIN ENTRY--PERSONAL NAME | |
| Personal name | Boggs, Wendy |
| 245 00 - TITLE STATEMENT | |
| Title | Mastering UML with Rational Rose 2002 (E-BOOK) |
| Statement of responsibility, etc. | Wendy Boggs, Michael Boggs |
| 260 ## - PUBLICATION, DISTRIBUTION, ETC. | |
| Place of publication, distribution, etc. | San Francisco, CA : |
| Name of publisher, distributor, etc. | SYBEX, |
| Date of publication, distribution, etc. | cop. 2002 |
| 300 ## - PHYSICAL DESCRIPTION | |
| Extent | 677 s. + |
| Accompanying material | CD-ROM |
| 505 ## - FORMATTED CONTENTS NOTE | |
| Formatted contents note | Introduction to UML (Page-4) A Tour of Rose (Page-27) Business Modeling (Page-61) Use Cases and Actors (Page-108) Object Interaction (Page-159) Object Interaction (Page-162) Classes and Packages (Page-201) Classes and Packages (Page-209) Attributes and Operations (Page-251) Attributes and Operations (Page-282) Relationships (Page-301) Relationships (Page-340) Object Behavior (Page-341) Component View (Page-360) Deployment View (Page-381) Introduction to Code Generation and Reverse Engineering Using Rational Rose (Page-401) Introduction to Code Generation and Reverse Engineering Using Rational Rose (Page-410) ANSI C++ and Visual C++ Code Generation and Reverse Engineering (Page-417) Java Code Generation and Reverse Engineering (Page-447) Java Code Generation and Reverse Engineering (Page-471) Visual Basic Code Generation and Reverse Engineering (Page-493) XML DTD Code Generation and Reverse Engineering (Page-541) XML DTD Code Generation and Reverse Engineering (Page-547) CORBA/IDL Code Generation and Reverse Engineering (Page-567) Rose Data Modeler (Page-610) Web Modeling (Page-657) |
| 650 #7 - SUBJECT ADDED ENTRY--TOPICAL TERM | |
| Topical term or geographic name entry element | Object-oriented programming (Computer science) |
| 650 #7 - SUBJECT ADDED ENTRY--TOPICAL TERM | |
| Topical term or geographic name entry element | Object-oriented programming (Computer science) |
| 650 #7 - SUBJECT ADDED ENTRY--TOPICAL TERM | |
| Topical term or geographic name entry element | Objektorienterad programmering |
| 650 #7 - SUBJECT ADDED ENTRY--TOPICAL TERM | |
| Topical term or geographic name entry element | UML (Computer science) |
| 651 ## - SUBJECT ADDED ENTRY--GEOGRAPHIC NAME | |
| Geographic name | E-BOOK |
| 700 1# - ADDED ENTRY--PERSONAL NAME | |
| Personal name | Boggs, Michael |
| 942 ## - ADDED ENTRY ELEMENTS (KOHA) | |
| Source of classification or shelving scheme | |
| Koha item type | Book |
| Withdrawn status | Lost status | Source of classification or shelving scheme | Damaged status | Not for loan | Collection code | Permanent Location | Current Location | Date acquired | Total Checkouts | Full call number | Barcode | Date last seen | Price effective from | Koha item type |
|---|---|---|---|---|---|---|---|---|---|---|---|---|---|---|
| Military College of Signals (MCS) | Military College of Signals (MCS) | 12/12/2016 | 005.117 WEN | MCSEB-941 | 12/08/2016 | 12/12/2016 | Book |
